| 000 | 00904nam a2200277Ia 4500 | ||
|---|---|---|---|
| 001 | 22048 | ||
| 005 | 20260320113337.0 | ||
| 008 | 260320s9999||||xx |||||||||||||| ||und|| | ||
| 020 | _a9798372586833 | ||
| 041 | _aESP | ||
| 082 |
_a282 _bU73 |
||
| 100 |
_aUrbina, Dante A., _eAUT |
||
| 245 | 0 |
_a¿Cuál es la Iglesia verdadera? : _buna respuesta desde la biblia, la historia y la razón |
|
| 246 |
_a _5 _b |
||
| 250 | _aPrimera edición | ||
| 260 |
_aSeattle (US) : _bEd, Kindle Direct Publishing, _c2023 |
||
| 300 |
_a250 páginas : _b _c23 cm. _e |
||
| 440 |
_a _n _v |
||
| 500 | _aMade in the USA Monee, IL 23 february 2025 | ||
| 650 | _aREL | ||
| 653 | _aIglesia Católica; Catolicismo; Doctrinas católicas | ||
| 654 | _aCHU | ||
| 700 |
_a _c |
||
| 856 |
_uhttps://0u20job3w-y-https-www-jstor-org.itmsp.museknowledge.com/ _zVéase además: Base de datos JSTOR |
||
| 942 |
_cLIB _dJUS _fMAT _2ddc _n |
||
| 999 |
_c22048 _d22048 |
||